Obchodné podnikanie

Guardado en:
Detalles Bibliográficos
Autor principal: Kita, Jaroslav
Autor Corporativo: Vysoká škola ekonomická v Bratislave. Obchodná fakulta
Otros Autores: Cibáková, Viera, Lupták, Dávid, Prachár, Juraj, Škvarka, Ján, Vávra, Viktor, Viestová, Kristína, Kulčáková, Marta, Novacká, Ľudmila, 1953-, Hraško, Pavol, Brziak, Vladimír, Repčeková, Dagmar
Formato: Libro
Lenguaje:eslovaco
Publicado: Bratislava Edičné stredisko Vysokej školy ekonomickej 1991
Etiquetas: Agregar Etiqueta
Sin Etiquetas, Sea el primero en etiquetar este registro!

MARC

LEADER 00000nam a2200000 4500
001 c025227
005 20260325092115.2
041 0 |a slo 
044 |a SK 
245 1 0 |a Obchodné podnikanie  |c Jaroslav Kita a kolektív 
264 1 |a Bratislava  |b Edičné stredisko Vysokej školy ekonomickej  |c 1991 
300 |a 91 s. 
100 1 |a Kita, Jaroslav 
700 1 |a Cibáková, Viera 
700 1 |a Lupták, Dávid 
700 1 |a Prachár, Juraj 
700 1 |a Škvarka, Ján 
700 1 |a Vávra, Viktor 
700 1 |a Viestová, Kristína 
700 1 |a Kulčáková, Marta 
700 1 |a Novacká, Ľudmila, 1953- 
700 1 |a Hraško, Pavol 
700 1 |a Brziak, Vladimír 
700 1 |a Repčeková, Dagmar 
710 2 |a Vysoká škola ekonomická v Bratislave. Obchodná fakulta